000
00243nam a2200097Ia 4500
008
190216s9999||||xx |||||||||||||| ||und||
100
_a
Vishnu Narayanan Namboothiri
245
0
_a
Swathanthryathekurich Oru Geetham
260
_b
Null
942
_c
BK
999
_c
24794
_d
24794